00376nam a2200133Ia 4500008004100000041000800041082001600049100001900065245007000084250001200154260004200166300001000208650002400218230724s2010 xx 000 0 und d aeng a343.012/SIR aShirohi J.P.S. aProfessional Ethics Accountancy for Lawyers & Bench Bar Relations a5th Ed aAllahabadbAllahabad Law Agencyc2010 a651p. aPROFESSIONAL ETHICS